| 000 | 03102nam a2200289 a 4500 | ||
|---|---|---|---|
| 001 | 000009060 | ||
| 003 | DO-SdBNP | ||
| 005 | 20240711084822.0 | ||
| 007 | 000009060 | ||
| 008 | 090925s2001 dr 000 p spa d | ||
| 040 |
_aBPMSU _bspa _cBPMSU |
||
| 082 | 4 |
_aRD861.08 _bD722c 2001 _222 |
|
| 245 | 0 | 0 |
_aDos cientos de los mejores sonetos dominicanos / _ccompilador Julio Jaime Julia ; editores José Rafael Vargas, Tomás Castro Burdiez ; prólogo Mariano Lebrón Saviñon. |
| 260 |
_aSanto Domingo : _bEl Siglo, _c2001. |
||
| 300 |
_a203 p. ; _c22 cm. |
||
| 505 | 0 |
_tAdvertencia -- _tPrólogo -- _tPrólogo en dos etapas -- _tPrimeros cien de los mejores dominicanos -- _tAquella noche ; _tLa joya humana ; _tElegia del viejo Frac. ; _tSobre un tema de Pedro Casals ; _tMadrigal del tocador ; _tUn saludo / _rPorfirio Herrera (1881-1974) -- _tConfidencias ; _tConfidencias ; _tEl teléfono ; _tAzul ; _tVerde / _rJosé Audilio Santana (1882-1915) -- _tOh! Tardes adorables ...! ; _tPaisaje ; _tAnestesia ; _tI ; _tII ; _tSerenamente gris ; _tPareces una tarde ; _tSímbolo ; _tLirio / _rFederico Bermúdez (1884-1921) -- _tMedalla de idilio ; _tPerennidad ; _tNoviembre ; _tMisterios helenicos ; _tLa musa Egregia ; _tSinfonía nupcial ; _tEspirales de fe (elogio a la Virginidad de María) ; _tVibraciones de amanecer ; _tPecador y cristiano ; _tParís amaneciendo / _rOsvaldo Bazil (1884-1946) -- _tMudanza ; _t16 de agosto ; _tDominicano libre ; _tComo hermanos ; _tLos de adarga antigua ; _tEl lago pensativo , _tCriolla / _rEmilio A. Morel (1884-1958) -- _tAquel pañuelo blanco / _rVirgilio Martínez Reina -- _tA la mujer vegana ; _tHomus / _rBaldemaro Rijo (1885-1939) -- _tMañanas infantiles ; _tCuentas de rosario ; _tBaile nacional ; _tAutosemblanza ; _tVerdad ; _tMetamorfosis ; _tNaturaleza ; _tCiudad y campo ; _tBelleza ; _tBronce ; _tLos ojos y el beso ; _tGrano y canción / _rRamón Emilio Jiménez (1886-1970) -- _tEl poema de la sabana ; _tI ; _tII ; _tIII ; _tIV ; _tV ; _tVI ; _tVII ; _tVIII ; _tIX ; _tX ; _tXI ; _tSoledumbre ; _tDestino ; _tEl regreso / _rVíctor Garrido (1886-1972) -- _tCamino de Los Andes ; _tLos crepúsculos ; _tLos volcanes ; _tLas selvas ; _tLas orquídeas ; _tLos ausoles de El Salvador ; _tLas playas ; _tLas junglas ; _tLas campiñas salvadoreñas ; _tLos paisajes dominicanos / _rPrimitivo Herrera (1888-1953) -- _tGuarda el alma tranquila ; _tForja tu propia musa ; _tNutre tu noble espiritu ; _tLucha sin tregua ; _tAnte tu propio orgullo ; _tEscribe con tus ansias ; _tAprisiona la copa ; |
|
| 505 | 0 |
_tTraza a tu anhelo ; _tCuando a beber te ofrezcan ; _tProcura cuando sueñes / _rJulio A. Piñeyro (1888-1967) -- _tSilencio ; _tInútil ; _tResurrexit ; _tTu mano ; _tEl obrero ; _tDel sendero ; _tMi soneto ; _tLa canción del olvido ; _tHombre ; _tFiat / _rRafael Emilio Sanabia (1888-1973) |
|
| 590 | _aInventariado, 2024/VM | ||
| 650 | 4 | _apoesía dominicana | |
| 650 | 4 | _aLiteratura dominicana | |
| 700 | 1 |
_aJulia, Julio Jaime, _ecompilador. |
|
| 700 | 1 |
_aLebrón Saviñón, Mariano, _epról. |
|
| 700 | 1 |
_aVargas, José Rafael, _eed. |
|
| 700 | 1 | 2 |
_aCastro Burdiez, Tomás, _eed. |
| 910 | _aVMateo V. Control de calidad BPMSU | ||
| 942 |
_2ddc _cBK |
||
| 999 |
_c7761 _d7761 |
||